<?xml version="1.0" encoding="UTF-8"?>
<record
    xmlns:xsi="http://www.w3.org/2001/XMLSchema-instance"
    xsi:schemaLocation="http://www.loc.gov/MARC21/slim http://www.loc.gov/standards/marcxml/schema/MARC21slim.xsd"
    xmlns="http://www.loc.gov/MARC21/slim">

  <leader>00793nam a22002177a 4500</leader>
  <controlfield tag="003">OSt</controlfield>
  <controlfield tag="005">20131113123601.0</controlfield>
  <controlfield tag="008">130514s2003    sp ||||| |||| 00| 0 spa d</controlfield>
  <datafield tag="020" ind1=" " ind2=" ">
    <subfield code="a">848373561X</subfield>
  </datafield>
  <datafield tag="040" ind1=" " ind2=" ">
    <subfield code="c">CDMR</subfield>
  </datafield>
  <datafield tag="245" ind1=" " ind2="3">
    <subfield code="a">El periodista ante el mercado laboral</subfield>
    <subfield code="c">Jos&#xE9; Larr&#xF1;aga Zubizarreta, Javier D&#xED;az Noci (coords.)</subfield>
  </datafield>
  <datafield tag="260" ind1=" " ind2=" ">
    <subfield code="a">[Bilbao]</subfield>
    <subfield code="b">Servicio editorial de la Universidad del Pa&#xED;s Vasco</subfield>
    <subfield code="b">Euskal Herriko Unibertsitatea Argitalpen Zerbitzua</subfield>
    <subfield code="c">DL 2003</subfield>
  </datafield>
  <datafield tag="300" ind1=" " ind2=" ">
    <subfield code="a">202 p.</subfield>
  </datafield>
  <datafield tag="650" ind1="0" ind2="4">
    <subfield code="9">2030</subfield>
    <subfield code="a">Periodisme</subfield>
    <subfield code="x">Orientaci&#xF3; professional</subfield>
  </datafield>
  <datafield tag="650" ind1="0" ind2="4">
    <subfield code="9">2734</subfield>
    <subfield code="a">Periodisme</subfield>
    <subfield code="x">Ensenyament</subfield>
  </datafield>
  <datafield tag="650" ind1="0" ind2="4">
    <subfield code="9">637</subfield>
    <subfield code="a">Comunicaci&#xF3;</subfield>
    <subfield code="x">Ensenyament</subfield>
  </datafield>
  <datafield tag="650" ind1="0" ind2="4">
    <subfield code="9">3792</subfield>
    <subfield code="a">Mercat de treball</subfield>
  </datafield>
  <datafield tag="700" ind1="1" ind2=" ">
    <subfield code="9">3410</subfield>
    <subfield code="a">Larra&#xF1;aga Zubizarreta, Jos&#xE9;</subfield>
  </datafield>
  <datafield tag="700" ind1="1" ind2=" ">
    <subfield code="9">3204</subfield>
    <subfield code="a">D&#xED;az Noci, Javier</subfield>
    <subfield code="e">coords.</subfield>
  </datafield>
  <datafield tag="942" ind1=" " ind2=" ">
    <subfield code="2">udc</subfield>
    <subfield code="c">MON</subfield>
  </datafield>
  <datafield tag="999" ind1=" " ind2=" ">
    <subfield code="c">6229</subfield>
    <subfield code="d">6229</subfield>
  </datafield>
  <datafield tag="952" ind1=" " ind2=" ">
    <subfield code="0">0</subfield>
    <subfield code="1">0</subfield>
    <subfield code="4">0</subfield>
    <subfield code="7">0</subfield>
    <subfield code="a">CDMR</subfield>
    <subfield code="b">CDMR</subfield>
    <subfield code="d">2013-01-16</subfield>
    <subfield code="l">0</subfield>
    <subfield code="o">Ci 7/4</subfield>
    <subfield code="p">CDMR13056394</subfield>
    <subfield code="r">2013-05-14</subfield>
    <subfield code="w">2013-05-14</subfield>
    <subfield code="y">MON</subfield>
  </datafield>
</record>
